| 000 | 00637nam a22001937a 4500 | ||
|---|---|---|---|
| 008 | 100228t xxu||||| |||| 00| 0 eng d | ||
| 020 | _a9780415428651. | ||
| 082 |
_222 _a363.34 _bSMI |
||
| 100 |
_aSmith, Keith. _911939 |
||
| 245 |
_aEnvironmental hazards : _bassessing risk and reducing disaster / _c Keith Smith and David N. Petley. |
||
| 250 | _a5th ed. | ||
| 260 |
_aLondon : _b Routledge, _cc.2009. |
||
| 300 |
_axxii, 383 p. : _b ill., maps ; _c 25 cm. |
||
| 500 | _aIncludes Index. | ||
| 650 |
_aNatural disasters. _911940 |
||
| 650 |
_aEnvironmental risk assessment. _911942 |
||
| 650 |
_911941 _aDisasters |
||
| 942 |
_2ddc _cBB |
||
| 999 |
_c13517 _d13517 |
||